| 000 | 00475nam a2200133Ia 4500 | ||
|---|---|---|---|
| 008 | 160809s9999 xx 000 0 und d | ||
| 100 | _aTheofanidis, Dimitrios. | ||
| 245 | _aNursing Interventions and Rehabilitation Activities for Stroke Patients | ||
| 245 | _cDimitrios Theofanidis. | ||
| 260 | _bJournal of Nursing and Care | ||
| 260 | _cJuly 2016 | ||
| 650 | _xNURSING | ||
| 856 | _uhttp://www.omicsgroup.org/journals/ArchiveJNC/currentissue-nursing-care-open-access.php | ||
| 999 |
_c300183 _d300183 |
||